<?xml version="1.0" encoding="UTF-8"?>
<record
    xmlns:xsi="http://www.w3.org/2001/XMLSchema-instance"
    xsi:schemaLocation="http://www.loc.gov/MARC21/slim http://www.loc.gov/standards/marcxml/schema/MARC21slim.xsd"
    xmlns="http://www.loc.gov/MARC21/slim">

  <leader>05297njm a2200577Ia 4500</leader>
  <controlfield tag="001">25683</controlfield>
  <controlfield tag="003">IT-RoPAU</controlfield>
  <controlfield tag="005">20220918181124.0</controlfield>
  <controlfield tag="008">131025s9999    xx            000 0 und d</controlfield>
  <datafield tag="040" ind1=" " ind2=" ">
    <subfield code="a">IT-RoPAU</subfield>
  </datafield>
  <datafield tag="040" ind1=" " ind2=" ">
    <subfield code="c">IT-RoPAU</subfield>
  </datafield>
  <datafield tag="999" ind1=" " ind2=" ">
    <subfield code="c">100041</subfield>
    <subfield code="d">100041</subfield>
  </datafield>
  <datafield tag="999" ind1=" " ind2=" ">
    <subfield code="b">n.d.</subfield>
  </datafield>
  <datafield tag="100" ind1=" " ind2=" ">
    <subfield code="a">AA.VV.</subfield>
    <subfield code="9">794</subfield>
  </datafield>
  <datafield tag="100" ind1=" " ind2=" ">
    <subfield code="e">Autore musica</subfield>
    <subfield code="9">13574</subfield>
  </datafield>
  <datafield tag="100" ind1=" " ind2=" ">
    <subfield code="g">Codice autore musica SPICS: 12000</subfield>
    <subfield code="9">796</subfield>
  </datafield>
  <datafield tag="245" ind1=" " ind2=" ">
    <subfield code="a">New Orleans</subfield>
  </datafield>
  <datafield tag="250" ind1=" " ind2=" ">
    <subfield code="a">2a ed.</subfield>
  </datafield>
  <datafield tag="260" ind1=" " ind2=" ">
    <subfield code="a">MILANO</subfield>
  </datafield>
  <datafield tag="260" ind1=" " ind2=" ">
    <subfield code="b">MUSICA JAZZ</subfield>
    <subfield code="c">1982 [1a Ed.:]</subfield>
  </datafield>
  <datafield tag="300" ind1=" " ind2=" ">
    <subfield code="a">DISCO</subfield>
  </datafield>
  <datafield tag="300" ind1=" " ind2=" ">
    <subfield code="c">37 minuti (Testo:  pag.)</subfield>
  </datafield>
  <datafield tag="500" ind1=" " ind2=" ">
    <subfield code="a">Musica jazz. Disco fuori commercio allegato al n. 10 '82 della rivista "Musica jazz"</subfield>
  </datafield>
  <datafield tag="505" ind1=" " ind2=" ">
    <subfield code="a">Just a Little While To Stay Here [(New Orleans, 18 maggio 1945) (Johnson Bunk) (4:00)] - Bouncing Around [(New York, 24 novembre 1923) (Piron Armand) (3:00)] - It's Jam Up (New Orleans, 25 ottobre 1927) (Celestin Oscar) (4:00)] - Sister Kate [(Savoy Caf&#xE8;, Boston, 3 aprile 1945) (Johnson Bunk) (4:00)] - Bogalousa Strut [(New Orleans, 22 ottobre 1927) (Morgan Sam) (3:00)] - Duet Stomp [(New Orleans, 15 novembre 1929) (Collins Lee) (3:00)] - Messin' Around [(Chicago, 22 giugno 1926) (Keppard Freddie) (3:00)] - Dippermouth Blues (Richmond, 6 aprile 1923) (Oliver Joe King) (3:00)] - Ory's Creole Trombone (Chicago, 2 settembre 1927) (Armstrong Louis D.) (4:00)] - Cushion Foot Stomp [(New York, 13 aprile 1927) (Williams Clarence) (4:00)] - Tight Like This [(Chicago, 12 dicembre 1928) (Armstrong Louis D.) (4:00)] - Doctor jazz (Chicago, 15 settembre 1926) (Oliver Joe King) (4:00)]</subfield>
  </datafield>
  <datafield tag="511" ind1=" " ind2=" ">
    <subfield code="a">Johnson Bunk: tr; Madison Kid Shots: tr; Robinson Jim: trne; Lewis George: cl; Barbarin Isadore: alto; Alexander Adolphe: bar; Clark Joe: tuba; Dodds Baby: batt; Marrero Lawrence: batt; Bunk Johnson's Brass Band</subfield>
  </datafield>
  <datafield tag="511" ind1=" " ind2=" ">
    <subfield code="a">Bocage Peter: tr; Lindsay John: trne; Tio Lorenzo Jr.: cl; Warnecke Louis: alto; Piron Armand: viol; Lewis Steve: p; Bocage Charles: bjo; Seguirre Charles: tuba; Cottrell Louis: batt; Piron's New Orleans Orchestra</subfield>
  </datafield>
  <datafield tag="511" ind1=" " ind2=" ">
    <subfield code="a">Celestin Oscar: corno; Alexis Ricard: corno; Rousseau August: trne; Hall Clarence: cl, alto; Alcorn Oliver: cl, ten; Salvant Jeanette: p; Marrero John: bjo; Marrero Simon: tuba; Frazier Josiah: batt; Celestin's Original Tuxedo Jazz Orchestra</subfield>
  </datafield>
  <datafield tag="511" ind1=" " ind2=" ">
    <subfield code="a">Johnson Bunk: tr; Bechet Sidney: cl; Palmer Ray: p; Foster Pops: cb; Thompson George: batt; Johnson-Bechet Orchestra</subfield>
  </datafield>
  <datafield tag="511" ind1=" " ind2=" ">
    <subfield code="a">Morgan Sam: corn; Morgan Isaiah: corn; Robinson Jim: trne; Morgan Andrew: cl, ten; Fouch&#xE9; Earl: alto; Baptiste Tink: p; Davis Johnny: bjo; Brown Sidney: cb; Evans Roy: batt; Sam Morgan's Jazz Band</subfield>
  </datafield>
  <datafield tag="511" ind1=" " ind2=" ">
    <subfield code="a">Collins Lee: corn; Arodin Sidney: cl; Purnell Theodore: alto; Jones David: ten; Robichaux Joseph: p; Sayles Manuel: bjo; Morgan Al: cb, voce; Stroughter Joe: batt; Jones and Collins Astoria Hot Eight</subfield>
  </datafield>
  <datafield tag="511" ind1=" " ind2=" ">
    <subfield code="a">Keppard Freddie: corn; Garland Fred: trne; Noone Jimmie: cl; Poston Joe: sax; Anderson Kenneth: p; St. Cyr Johnny: bjo; Cookie's Gingersnaps</subfield>
  </datafield>
  <datafield tag="511" ind1=" " ind2=" ">
    <subfield code="a">Oliver King: corn; Armstrong Louis: corn; Dutray Honore: trne; Dodds Johnny: cl; Hardin Lil: p; Johnson Bill: bjo; Dodds Baby: batt; King Oliver and his Creole Jazz Band</subfield>
  </datafield>
  <datafield tag="511" ind1=" " ind2=" ">
    <subfield code="a">Armstrong Louis: corn; Ory Kid: trne; Dodds Johnny: cl; Hardin Lil: p; St Cyr Johnny: bjo; Louis Armstrong and his Hot Five</subfield>
  </datafield>
  <datafield tag="511" ind1=" " ind2=" ">
    <subfield code="a">Allen Ed: corn; Bailey Buster: cl; Williams Clarence: p, voce; St Clair Cyrus: tuba; Casey Floyd: wbd; Clarence William's Washboard Five</subfield>
  </datafield>
  <datafield tag="511" ind1=" " ind2=" ">
    <subfield code="a">Armstrong Louis: corn; Robinson Fred: trne; Strong Jimmy: cl; Redman Don: sax; Hines Earl: p; Cara Mancy: bjo; Singleton Zutty: batt; Louis Armstrong and his Savoy Ballroom Five</subfield>
  </datafield>
  <datafield tag="511" ind1=" " ind2=" ">
    <subfield code="a">Mitchell George: corn; Ory Kid: trne; Simeon Omer: cl; Morton Jelly Roll: p e vocst.; Cyr Johnny: bjo; Lindsay John: cb; Hilaire Andrew: batt; Jelly Roll Morton's Red Hot Peppers</subfield>
  </datafield>
  <datafield tag="650" ind1=" " ind2=" ">
    <subfield code="a">JAZZ [DISCHI]</subfield>
    <subfield code="e">Codice MATERIA SPICS: 9950</subfield>
    <subfield code="9">13575</subfield>
  </datafield>
  <datafield tag="700" ind1=" " ind2=" ">
    <subfield code="a">Anonimo</subfield>
    <subfield code="d">Codice autore musica SPICS: 2620</subfield>
    <subfield code="e">Autore musica</subfield>
    <subfield code="p">Just a Little While To Stay Here</subfield>
    <subfield code="9">13576</subfield>
  </datafield>
  <datafield tag="700" ind1=" " ind2=" ">
    <subfield code="a">Piron Armand</subfield>
    <subfield code="d">Codice autore musica SPICS: 16263</subfield>
    <subfield code="e">Autore musica</subfield>
    <subfield code="p">Bouncing Around - Sister Kate</subfield>
    <subfield code="9">13577</subfield>
  </datafield>
  <datafield tag="700" ind1=" " ind2=" ">
    <subfield code="a">Bocage Peter</subfield>
    <subfield code="d">Codice autore SPICS: 16261</subfield>
    <subfield code="e">Autore</subfield>
    <subfield code="p">Bouncing Around</subfield>
    <subfield code="9">13578</subfield>
  </datafield>
  <datafield tag="700" ind1=" " ind2=" ">
    <subfield code="a">Celestin Oscar</subfield>
    <subfield code="d">Codice autore musica SPICS: 16264</subfield>
    <subfield code="e">Autore musica</subfield>
    <subfield code="p">It's Jam Up</subfield>
    <subfield code="9">13579</subfield>
  </datafield>
  <datafield tag="700" ind1=" " ind2=" ">
    <subfield code="a">Williams Clarence</subfield>
    <subfield code="d">Codice autore musica SPICS: 13039</subfield>
    <subfield code="e">Autore musica</subfield>
    <subfield code="p">Sister Kate - Cushion Foot Stomp</subfield>
    <subfield code="9">13580</subfield>
  </datafield>
  <datafield tag="700" ind1=" " ind2=" ">
    <subfield code="a">Morgan Sam</subfield>
    <subfield code="d">Codice autore musica SPICS: 16267</subfield>
    <subfield code="e">Autore musica</subfield>
    <subfield code="p">Bogalousa Strut</subfield>
    <subfield code="9">13581</subfield>
  </datafield>
  <datafield tag="700" ind1=" " ind2=" ">
    <subfield code="a">Collins Lee</subfield>
    <subfield code="d">Codice autore musica SPICS: 16270</subfield>
    <subfield code="e">Autore musica</subfield>
    <subfield code="p">Duet Stomp</subfield>
    <subfield code="9">13582</subfield>
  </datafield>
  <datafield tag="700" ind1=" " ind2=" ">
    <subfield code="a">Jones David</subfield>
    <subfield code="d">Codice autore SPICS: 16271</subfield>
    <subfield code="e">Autore</subfield>
    <subfield code="p">Duet Stomp</subfield>
    <subfield code="9">13583</subfield>
  </datafield>
  <datafield tag="700" ind1=" " ind2=" ">
    <subfield code="a">Parham Tiny</subfield>
    <subfield code="d">Codice autore musica SPICS: 16275</subfield>
    <subfield code="e">Autore musica</subfield>
    <subfield code="p">Messin' Around</subfield>
    <subfield code="9">13584</subfield>
  </datafield>
  <datafield tag="700" ind1=" " ind2=" ">
    <subfield code="a">Oliver Joe (King)</subfield>
    <subfield code="d">Codice autore musica SPICS: 10763</subfield>
    <subfield code="e">Autore musica</subfield>
    <subfield code="p">Dippermouth Blues</subfield>
    <subfield code="9">13585</subfield>
  </datafield>
  <datafield tag="700" ind1=" " ind2=" ">
    <subfield code="a">Ory Kid</subfield>
    <subfield code="d">Codice autore musica SPICS: 16277</subfield>
    <subfield code="e">Autore musica</subfield>
    <subfield code="p">Ory's Creole Trombone</subfield>
    <subfield code="9">13586</subfield>
  </datafield>
  <datafield tag="700" ind1=" " ind2=" ">
    <subfield code="a">Curl Langston</subfield>
    <subfield code="d">Codice autore musica SPICS: 27822</subfield>
    <subfield code="e">Autore musica</subfield>
    <subfield code="p">Tight Like This</subfield>
    <subfield code="9">13587</subfield>
  </datafield>
  <datafield tag="700" ind1=" " ind2=" ">
    <subfield code="a">Morton Jelly Roll</subfield>
    <subfield code="d">Codice autore musica SPICS: 10672</subfield>
    <subfield code="e">Autore musica</subfield>
    <subfield code="p">Doctor jazz</subfield>
    <subfield code="9">13588</subfield>
  </datafield>
  <datafield tag="942" ind1=" " ind2=" ">
    <subfield code="c">MD</subfield>
    <subfield code="2">ddc</subfield>
  </datafield>
  <datafield tag="952" ind1=" " ind2=" ">
    <subfield code="0">0</subfield>
    <subfield code="1">0</subfield>
    <subfield code="4">0</subfield>
    <subfield code="6">25683_000000000000000</subfield>
    <subfield code="7">1</subfield>
    <subfield code="a">SPICS</subfield>
    <subfield code="b">SPICS</subfield>
    <subfield code="d">2013-10-25</subfield>
    <subfield code="l">0</subfield>
    <subfield code="o">25683</subfield>
    <subfield code="r">2013-10-25 00:00:00</subfield>
    <subfield code="w">2013-10-25</subfield>
    <subfield code="y">MD</subfield>
    <subfield code="z">Progr. Ins.: 5557 / N.Vol.: 1 / Copie: 1 - Copia rara: n.d. / date import: 01.01.2014 - By Epidotti, Trombetti, Vaglietti</subfield>
  </datafield>
</record>
